'The Last Supper' Parodies Quiz Stats

 Plays Quiz Updated Nov 22, 2015

Also try: Television Cakes
Challenge
Share
Tweet
Score 0/29 Timer 06:00
4 Plays Today
% Correct
The Simpsons (Homer)
99.5%
Disney vs Warner Bros. (Mickey Mouse)
98.8%
The Smurfs (Papa Smurf)
98.3%
Batman
98.1%
Popeye (the Sailor Man)
97.6%
South Park (Kyle)
97.3%
President Barack Obama (among world leaders / politicians)
96.3%
Albert Einstein (among scientists / thinkers / innovators)
95.7%
Teenage Mutant Ninja Turtles (Splinter)
95.4%
Avatar
95.2%
Star Wars (Luke Skywalker)
93.6%
The Muppets (Kermit)
93.5%
Disney Princesses (Jasmine)
92.7%
Super Smash Bros. (Mario)
92.4%
My Little Pony (Princess Celestia)
92%
% Correct
House, M.D. (Dr. Gregory House)
91.8%
The Beatles (John Lennon)
91.7%
Breakfast Cereal (Cap'n Crunch)
89.2%
Lost (John Locke)
89.1%
Chinese Food Takeout
86.6%
Game of Thrones (Tyrion Lannister)
83.6%
Jimi Hendrix (among male musicians)
83.5%
Beer Pong
81.2%
M*A*S*H (Walter 'Painless' Waldowski)
78.9%
The Sopranos (Tony Soprano)
75.8%
The Big Lebowski (The Dude)
71.7%
The Hobbit (Thorin)
66%
Lady Gaga (among female musicians)
57.6%
Battlestar Galactica (Number Six)
37.8%

You're not logged in!

Compare scores with friends on all Sporcle quizzes.
OR
Log In

You Might Also Like...

Show Comments

Extras

Top Quizzes Today


Score Distribution

Your Account Isn't Verified!

In order to create a playlist on Sporcle, you need to verify the email address you used during registration. Go to your Sporcle Settings to finish the process.

Report this User

Report this user for behavior that violates our Community Guidelines.

Details: